Vnútorný systém zabezpečovania kvality vysokoškolského vzdelávania

Salvato in:
Dettagli Bibliografici
Autore principale: Džubáková, Martina
Natura: Capitolo di libro
Lingua:slovacco
Tags: Aggiungi Tag
Nessun Tag, puoi essere il primo ad aggiungerne!!

MARC

LEADER 00000nla a2200000 4500
001 0233943
005 20240502073809.7
041 0 |a slo 
044 |a SK 
245 1 0 |a Vnútorný systém zabezpečovania kvality vysokoškolského vzdelávania  |c Martina Džubáková 
100 1 |a Džubáková, Martina